Семеро на орбите (11-18 октября 1969 года)

Opis bibliograficzny
1. autor: Каманин Н. П. Николай Петрович
Kolejni autorzy: Ребров М. Ф. Михаил Федорович
Język:rosyjski
Wydane: Москва, Молодая гвардия, 1969
Hasła przedmiotowe:
Format: MixedMaterials Książka
KOHA link:https://koha.lib.tpu.ru/cgi-bin/koha/opac-detail.pl?biblionumber=193656

MARC

LEADER 00000nam0a2200000 4500
001 193656
005 20231101224514.0
035 |a (RuTPU)RU\TPU\book\211200 
090 |a 193656 
100 |a 20110325d1969 m y0rusy50 ca 
101 0 |a rus 
102 |a RU 
105 |a a z 000zd 
200 1 |a Семеро на орбите (11-18 октября 1969 года)  |f Н. П. Каманин, М. Ф. Ребров 
210 |a Москва  |c Молодая гвардия  |d 1969 
215 |a 96 с.  |c ил. 
600 1 |a Шонин  |b Г. С.  |c летчик-космонавт СССР  |c генерал-майор авиации (1977)  |c Герой Советского Союза (22.10.1969)  |f 1935-  |g Георгий Степанович  |2 stltpush  |3 (RuTPU)RU\TPU\pers\16015  |9 5597 
600 1 |a Кубасов  |b В. Н.  |c летчик-космонавт СССР  |c Герой Советского Союза (22.10.1969)  |f 1935-  |g Валерий Николаевич  |2 stltpush  |3 (RuTPU)RU\TPU\pers\16017  |9 5599 
600 1 |a Филипченко  |b А. В.  |c летчик-космонавт СССР  |c дважды Герой Советского Союза (22.10.1969 и 11.12.1974)  |f 1928-  |g Анатолий Васильевич  |2 stltpush  |3 (RuTPU)RU\TPU\pers\16018  |9 5600 
600 1 |a Волков  |b В. Н.  |c летчик-космонавт СССР  |c дважды Герой Советского Союза (22.10.1969 и 30.6.1971)  |f 1935-1971  |g Владислав Николаевич  |2 stltpush  |3 (RuTPU)RU\TPU\pers\16019  |9 5601 
600 1 |a Горбатко  |b В. В.  |c летчик-космонавт СССР  |c полковник  |c Герой Советского Союза (22.10.1969)  |f 1934-  |g Виктор Васильевич  |2 stltpush  |3 (RuTPU)RU\TPU\pers\16021  |9 5603 
600 1 |a Шаталов  |b В. А.  |c летчик-космонавт СССР  |c ген.-лейтенант авиации (1975)  |c дважды Герой Советского Союза (22.1.1969 и 22.10.1969)  |c кандидат технических наук (1972)  |f 1927-  |g Владимир Александрович  |2 stltpush  |3 (RuTPU)RU\TPU\pers\16011  |9 5593 
600 1 |a Елисеев  |b А. С.  |c летчик-космонавт СССР  |c дважды Герой Советского Союза (22.1.1969 и 22.10.1969)  |f 1934-  |g Алексей Станиславович  |2 stltpush  |3 (RuTPU)RU\TPU\pers\16013  |9 5595 
610 1 |a летчики-космонавты 
610 1 |a СССР 
610 1 |a космическое пространство 
610 1 |a полет в космос 
610 1 |a космонавтика 
675 |a 629.19(092)  |v 3 
700 1 |a Каманин  |b Н. П.  |g Николай Петрович 
701 1 |a Ребров  |b М. Ф.  |g Михаил Федорович 
801 1 |a RU  |b 63413507  |c 20110325 
801 2 |a RU  |b 63413507  |c 20110428  |g RCR 
942 |c BK